000 00700nam a22002177a 4500
003 DO-SdBNP
005 20180208132700.0
008 161110b 2000 mx a ||||| |||| 00| 0 spa d
040 _aBPMSU
_bspa
_cBPMSU
100 1 _aLobel, Arnold,
_d1933-
245 1 0 _aSapo y Sepo, un año entero /
_cArnold Lobel.
260 _aMéxico :
_bAlfaguara,
_c2000.
300 _a66 p. :
_bil. ;
_c19 cm.
490 1 _aInfantil Alfaguara
500 _aPara niños a partir de los 6 años.
500 _aIncluye datos biográficos de la autora en la solapa de la contracubierta
830 0 _aInfantil Alfaguara
942 _2ddc
_cBK
945 _aInventariado, 2018 /LP
956 _aLOPEREZ
_b10
_c20180208
999 _c13273
_d13273